000 00807nam a2200229 4500
003 OSt
005 20240730022124.0
006 a
008 240730b |||||||| |||| 00| 0 eng d
020 _a978132453264
040 _aDWCL-Main lib.
_cOC
082 _2Sixth, global edition
_aCirc. 658.022 S285e 2011
100 _aScarborough, Norman M.
245 _aEssentials of Entrpreneurship and small business management /
250 _aSixth, global edition
260 _aBoston :
_bPearson Education, Inc. ,
_cc2011.
300 _b648 p. : col. ill. ;
_c28 cm.
504 _aIncludes bibliographical references & indexes.
650 _a1. Small business-Management.
650 _a2. New business enterprises-Management 3. Entrepreneurship.
942 _2ddc
_n0
_cBK-CIRC
_eSixth, global edition
_kCirc.
999 _c2936
_d2936